=LDR 00000nam 2200000 4500 =001 000955 =005 20250712013500 =035 ##$$a 0010-0725000834 =007 ta =008 250712################a##########0#ind## =020 ##$$a 978-623-472-484-4 =082 ##$$a 398.209 598 =084 ##$$a 398.209 598 BAN d =100 #$$a Banerji, Rukmini =245 1#$$a Dini dan harta karun warna-warni /$c Rukmini Banerji =250 ##$$a Cetakan Pertama =260 ##$$a Jakarta :$b Badan pengembangan dan pembinaan bahasa,$c 2022 =300 ##$$a 24 hpm. : $b Ilus. ; $c 22,9 cm =650 #4$$a Cerita anak Indonesia terjemahan Jerman =650 #4$$a Literasi bahan bacaan